147_ Personnalités nées un 27 mai par images - Statistiques

Statistiques générales
  • Ce quiz a été pris 27 fois
  • Le résultat moyen est 3 sur 9
Statistiques - réponses
Par images Hint Réponse % Correct
Chanteur Alain Souchon
96%
Mannequin Lily-Rose Depp
74%
Acteur Christopher Lee
48%
Politicien Henry Kissinger
19%
Écrivain Louis-Ferdinand Céline
11%
Acteur Paul Bettany
11%
Chanteuse Dee Dee Bridgewater
4%
Actrice Marie Bunel
0%
Acteur Vincent Price
0%
Aucun quiz correspondant
Distribution des résultats
% des personnes avec chaque résultat
Percentile par nombre de réponses
Votre historique - résultats
Vous n’avez pas pris ce quiz